Myths And Legends Of India (Record no. 127280)

MARC details
000 -LEADER
fixed length control field 00393nam a2200133Ia 4500
008 - FIXED-LENGTH DATA ELEMENTS--GENERAL INFORMATION
fixed length control field 211122s9999||||xx |||||||||||||| ||und||
082 ## - DEWEY DECIMAL CLASSIFICATION NUMBER
Classification number 294.513
Item number RAD-M
100 ## - MAIN ENTRY--PERSONAL NAME
Personal name Radice, William
245 #0 - TITLE STATEMENT
Title Myths And Legends Of India
260 ## - PUBLICATION, DISTRIBUTION, ETC.
Name of publisher, distributor, etc. Penguin Books
Place of publication, distribution, etc. Haryana
630 ## - SUBJECT ADDED ENTRY--UNIFORM TITLE
General subdivision Post Graduate Reference
650 ## - SUBJECT ADDED ENTRY--TOPICAL TERM
Topical term or geographic name entry element Malayalam
942 ## - ADDED ENTRY ELEMENTS (KOHA)
Koha item type BOOK
650 ## - SUBJECT ADDED ENTRY--TOPICAL TERM
Form subdivision RELIGIONOTHER RELIGIONSRELIGIONS OF Indic origin
Holdings
Withdrawn status Lost status Damaged status Not for loan Home library Current library Date acquired Cost, normal purchase price Total Checkouts Full call number Barcode Shelving location Date last seen Price effective from Koha item type
        SB LIBRARY SB LIBRARY 22/11/2021 499.00   294.513 RAD-M 00141011 POST GRADUATE REFERENCE 22/11/2021 22/11/2021 BOOK

Powered by Koha